Modelovanie preferencií pri výbere zamestnanca diplomová práca

Enregistré dans:
Détails bibliographiques
Auteur principal: Ágoštonová, Fatima
Collectivité auteur: Fakulta hospodárskej informatiky EU. Katedra štatistiky
Autres auteurs: Sušienková, Katarína, 1967-
Format: Livre
Langue:slovaque
Publié: Bratislava 2016
Tags: Ajouter un tag
Pas de tags, Soyez le premier à ajouter un tag!

MARC

LEADER 00000nbm a2200000 4500
001 0216850
005 20170320150651.9
041 0 |a slo 
044 |a SK 
245 1 0 |a Modelovanie preferencií pri výbere zamestnanca  |b diplomová práca  |c Fatima Ágoštonová ; školiteľ: Katarína Sušienková 
264 1 |a Bratislava  |c 2016 
300 |a 58 s. 
100 1 |a Ágoštonová, Fatima 
700 1 |a Sušienková, Katarína, 1967- 
710 2 |a Fakulta hospodárskej informatiky EU. Katedra štatistiky